Score 0/25 Timer 03:00
0 Plays Today
Description Poetry Term % Correct
A poem of fourteen lines, traditionally iambic pentameterSonnet
87.7%
Unstressed, stressed footIambic Foot
66.7%
Comparison between two usually unrelated things (The clouds are marshmallows)Metaphor
57.2%
Comparison between two things using the word 'like' (John is like a big bear)Simile
56.8%
Repetition of consonant sounds at the beginning of wordsAlliteration
54.7%
Repetition of similar sounds occurring at determined or regular intervalsRhyme
53.8%
Giving human qualities to inanimate objectsPersonification
52%
Line with five feetPentameter
48.1%
Repetition of vowel soundsAssonance
44.2%
Type of above poem which has an octave followed by a sestetPetrarchan Sonnet
44.1%
Line with three feetTrimeter
41%
Stressed, unstressed footTrochaic Foot
37.9%
Type of above poem which has a final couplet called a turnShakespearean Sonnet
37.1%
Description Poetry Term % Correct
Line with eight feetOctameter
33.9%
Line with six feetHexameter
33.2%
Line with four feetTetrameter
30.8%
Stressed, unstressed, unstressed footDactylic Foot
29.1%
Line with two feetDimeter
28.5%
Unstressed, unstressed, stressed footAnapestic Foot
26.8%
Repetition of similar consonant sounds, not necessarily at the beginning of wordsConsonance
26.3%
Line with one footMonometer
26.2%
Stressed, stressed footSpondaic Foot
22.7%
Line with seven feetHeptameter
22.6%
Type of rhyme in which it looks like the words should rhyme, but they don'tEye Rhyme
21.8%
Unstressed, unstressed foot (extremely rare)Pyrrhic Foot
10%
Remove Ads.
Support Sporcle.
Get the best of Sporcle when you Go Orange. This ad-free experience offers more features, more stats, and more fun while also helping to support Sporcle. Thank you for becoming a member.

You're not logged in!

Compare scores with friends on all Sporcle quizzes.
OR
Log In

Sporcle TV

Today on Sporcle TV


Watch our educational content, quiz creation guides, and fun videos on Sporcle TV.

Show Comments

Extras

Top Quizzes Today


Score Distribution

Paid Content

Your Account Isn't Verified!

In order to create a playlist on Sporcle, you need to verify the email address you used during registration. Go to your Sporcle Settings to finish the process.

Report this User

Report this user for behavior that violates our Community Guidelines.

Details: